PROFESSIONAL WRITING IN SPEECH-LANGUAGE PATHOLOGY AND AUDIOLOGY WORKBOOK (Record no. 31316)

MARC details
000 -LEADER
fixed length control field 00478nam a22001697a 4500
003 - CONTROL NUMBER IDENTIFIER
control field SGT
020 ## - INTERNATIONAL STANDARD BOOK NUMBER
International Standard Book Number 9781597564182
082 ## - DEWEY DECIMAL CLASSIFICATION NUMBER
Classification number 617.8
Item number P11G
100 ## - MAIN ENTRY--PERSONAL NAME
Personal name GOLDFARB, ROBERT
245 ## - TITLE STATEMENT
Title PROFESSIONAL WRITING IN SPEECH-LANGUAGE PATHOLOGY AND AUDIOLOGY WORKBOOK
250 ## - EDITION STATEMENT
Edition statement 1ST
260 ## - PUBLICATION, DISTRIBUTION, ETC. (IMPRINT)
Place of publication, distribution, etc SAN DIEGO
Name of publisher, distributor, etc PLURAL PUB
Year of Publication 2011
300 ## - PAGE DESCRIPTION
No. of Pages 267
650 ## - SUBJECT ADDED ENTRY--TOPICAL TERM
Topical term or geographic name as entry element AUDIOLOGY
653 ## - KEYWORDS--INDEX TERM
Keyword term PROFESSIONAL WRITING IN SPEECH-LANGUAGE PATHOLOGY AND AUDIOLOGY WORKBOOK
942 ## - ADDED ENTRY ELEMENTS (KOHA)
Source of classification or shelving scheme Dewey Decimal Classification
Koha item type Books
Holdings
Withdrawn status Lost status Source of classification or shelving scheme Damaged status Not for loan Collection code Home library Current library Shelving location Date acquired Vendor Name Cost, normal purchase price SGTU Bill Number Total Checkouts Full call number Accession No. (Barcode) Date last seen Bill Date Koha item type
    Dewey Decimal Classification   Not For Loan MEDICAL SGT Medical Library SGT Medical Library Reference Book 14/05/2025 ABC DELHI 6132.00 SGTU 21139   617.8 P11G FM15455 11/06/2025 14/05/2025 Books